| 000 | 00403nam a2200181Ia 4500 | ||
|---|---|---|---|
| 005 | 20240823061215.0 | ||
| 008 | 240823s9999||||xx |||||||||||||| ||und|| | ||
| 041 | _aTAMIL | ||
| 082 | _A796.14095482 Q9 | ||
| 100 | _aMurugesh Mu | ||
| 245 | 0 | _aThinusu Thinusaa Vilaiyaattu | |
| 250 | _a1st | ||
| 260 |
_c2019 _bThe |
||
| 500 | _aYES | ||
| 650 |
_aTamil _bGeneral |
||
| 942 | _cBK | ||
| 999 |
_c232970 _d232970 |
||